| 000 | 00583 a2200169 4500 | ||
|---|---|---|---|
| 003 | Nust | ||
| 005 | 20221129152733.0 | ||
| 040 | _cNust | ||
| 082 | _a621.3815,MOT | ||
| 245 |
_aDiscrete Military Operations Data / _cMotorola |
||
| 250 | _a2nd. ed. | ||
| 260 |
_bMotorola _aUSA _c1992. |
||
| 300 | _avarious paging | ||
| 505 | _aAlphanumeric Index (Page 1-1), Selector Guide (Page 2-1), Data Sheets (Page 3-1), Test Circuits (Page 4-1), Package Outline Dimensions (Page 5-1), Specifications and Processing (Page 6-1). | ||
| 650 | _aTelecommunication engineering | ||
| 942 |
_2ddc _cBK |
||
| 999 |
_c189184 _d189184 |
||